| 000 | 01429cam a2200253 4500 | ||
|---|---|---|---|
| 001 | L128875 | ||
| 008 | 050223n2004 000 0 eng u | ||
| 020 | _a1903208750 | ||
| 035 | _a(Sirsi) u128875 | ||
| 041 | _aeng | ||
| 050 |
_a306.3 _c18 |
||
| 100 | _aWilcox, Steve | ||
| 110 |
_aChartered Institute of Housing _92394 |
||
| 245 | _aUK housing review 2004/2005 | ||
| 250 | _a13th ed. | ||
| 260 |
_aCoventry _bChartered Institute of Housing _c2004 |
||
| 300 |
_a217p. _c21cm. |
||
| 350 | _a43.50 | ||
| 520 | _aBrings together a compendium of over 200 charts and tables of the latest available housing statistics for England and its regions, Wales, Scotland and Northern Ireland covering housing, the economy and public expenditure, dwellings, stock condition and households, private housing, housing expenditure plans, housing needs, homelessness and lettings and help with housing costs. Provides a detailed commentary on the above housing themes and four essays written by experts on contemporary issues: "Reviewing stock transfer" (Hal Pawson), "Taxing questions (Steve Wilcox), "From rent policy to local housing allowances?" (Steve Wilcox) and "Housing need indicators in Australia, Canada, England and the United States" (Steve Pomeroy). | ||
| 590 | _aIKA290405 | ||
| 690 | _aPROPERTY-RESIDENTIAL PROPERTY-DOMESTIC RESIDENTIAL PROPERTY-HOUSING | ||
| 710 |
_aCouncil of Mortgage Lenders _95903 |
||
| 942 | _n0 | ||
| 999 |
_c104032 _d104032 |
||